| 000 | 00621nam a22001937a 4500 | ||
|---|---|---|---|
| 005 | 20251108172908.0 | ||
| 008 | 250721s1985 xx 000 0 ara d | ||
| 082 | 1 | 4 | _aم/213.03/محم |
| 100 | 1 | _aمحمدي، عبد الله | |
| 245 | 1 | 0 | _aعلى ضفاف الغدير : فهرس موضوعي و تحليلي لموسوعه " الغدير " / |
| 264 | 1 |
_aبيروت : _bدار الكتاب العربي، _c1985. |
|
| 300 | _a623 ص | ||
| 650 | 1 | 7 | _aالأحاديث |
| 650 | 1 | 7 | _aالفهارس |
| 700 | 1 | _aبهره مند، محمد | |
| 700 | 1 | _aمحدث، محمد | |
| 942 |
_2ddc _cREF |
||
| 999 |
_c91162 _d91162 |
||